000 00755nam a2200253Ia 4500
003 OSt
005 20221005073033.0
006 a|||||r|||| 00| 0
007 ta
008 221004b |||||||| |||| 00| 0 urd d
020 _a8181720652 (hbk)
_c200
024 _a19208
037 _b4429, 28/03/2015, Kitabi Duniya
_cTextual
040 _aCRL
_cCRL
_burd
041 _2urd
_aurd
082 _aO168,1M75w, Q3
100 _aMahuli Shahid
_9181790
245 0 _aHasrat mohani
_b Hayat - o - khidmaat
260 _aNew Delhi
_bGhalib Insititute India
_c2013
300 _a321p.
_ccm.
650 _aURDU LITERATURE
942 _hO168,1M75w, Q3
_cTEXL
_2cc
999 _c980443
_d980443